Bienvenue à la Médiathèque de Saint-Andiol
banniere
Accueil Recherche avancée Mon compte
handi1 Rechercher dans le catalogue

Filtre   Mots-clés
  Recherche avancée
 
Lister les dernières nouveautés
 
Lister les livres GROS CARACTERES
 
Lister les périodiques (magazines)

handi1 Tintin au Congo

<< Retourner aux résultats de la recherche
Book Cover
Auteur principal : Hergé
Titre : Tintin au Congo
Support : Livres
Langue : Francais
Publié : 1974 Casterman Tournai (Belgique)
Series : Tintin
Genre : Bande Dessinée (enfants)
Collection : Tintin
Sujets :
Étiquettes :
Pas de tags
LEADER 00959nam0a2200217 450
001 16867336
010 |a 2-203-00101-1  |b cart.  |d 11,5 € 
100 |a 19940101d1974 u u0frey01 ba 
101 0 |a fre 
102 |a BE 
200 0 |a Tintin au Congo  |f Hergé 
207 1 |a   
210 |a Tournai (Belgique)  |b 28 Rue des Soeurs Noires.  |c Casterman  |d 1974 
215 |a 1 vol. (61 p.)  |c illustrations en couleur  |d 31 x 23 cm 
225 1 |a Tintin  |v 02 
330 |a A peine rentré d'URSS, Tintin repart pour le Congo. Sorcier du royaume des Babaoro'm, en lutte contre une bande de gangsters à la solde d'Al Capone, le plus célèbre de nos reporters sortira bien sûr triomphant de toutes ces aventures. Pour notre plus grand plaisir à tous. 
461 0 |t Tintin  |v 02 
700 0 |a Hergé  |f 1907-1983  |4 70 
900 |a Bande Dessinée (enfants) 
901 |a Jeunesse 
995 |a Médiathèque  |c Médiathèque  |f 00156004730826  |h 00156004730826  |k BD TIN  |o p  |q j  |r az  |e Médiathèque